[Event "Masters Tournament (MTO)"]
[Site "Biel, CH"]
[Date "2025.07.23"]
[Round "9"]
[White "Kumbharathi, Vedansh"]
[Black "Gut, Raphael"]
[Result "1/2-1/2"]
[Board "30"]
[WhiteFideId "30998395"]
[BlackFideId "1339974"]
[WhiteElo "1931"]
[BlackElo "2147"]
[WhiteTeam "USA"]
[BlackTeam "SUI"]
[WhiteClock "0:05:02"]
[BlackClock "0:06:21"]
[Variant "Standard"]

1. e4 {[%clk 1:40:49]}  c5 {[%clk 1:40:57]} 2. c3 {[%clk 1:41:10]}  d5 {[%clk 1:41:21]} 3. exd5 {[%clk 1:41:20]}  Qxd5 {[%clk 1:41:48]} 4. d4 {[%clk 1:41:39]}  e6 {[%clk 1:42:03]} 5. Nf3 {[%clk 1:40:56]}  Nf6 {[%clk 1:42:30]} 6. Qb3 {[%clk 1:29:19]}  Nc6 {[%clk 1:32:07]} 7. Bc4 {[%clk 1:26:31]}  Qe4+ {[%clk 1:28:46]} 8. Be3 {[%clk 1:25:40]}  cxd4 {[%clk 1:25:24]} 9. Nbd2 {[%clk 1:19:07]}  Qg6 {[%clk 1:22:18]} 10. cxd4 {[%clk 1:21:54]}  Bd6 {[%clk 1:15:24]} 11. O-O {[%clk 1:15:47]}  O-O {[%clk 1:13:05]} 12. Bd3 {[%clk 1:13:17]}  Qh5 {[%clk 1:11:54]} 13. Rac1 {[%clk 0:58:25]}  Na5 {[%clk 1:03:39]} 14. Qd1 {[%clk 1:02:04]}  Bd7 {[%clk 0:54:44]} 15. Ne5 {[%clk 0:58:37]}  Qxd1 {[%clk 0:54:51]} 16. Rfxd1 {[%clk 0:58:56]}  Bc6 {[%clk 0:48:36]} 17. Nxc6 {[%clk 0:58:44]}  Nxc6 {[%clk 0:49:04]} 18. Ne4 {[%clk 0:57:04]}  Rfd8 {[%clk 0:43:31]} 19. Nxf6+ {[%clk 0:54:36]}  gxf6 {[%clk 0:43:04]} 20. Be4 {[%clk 0:53:39]}  Ne7 {[%clk 0:43:01]} 21. g3 {[%clk 0:48:41]}  f5 {[%clk 0:38:42]} 22. Bf3 {[%clk 0:52:00]}  Nd5 {[%clk 0:37:32]} 23. Bxd5 {[%clk 0:51:00]}  exd5 {[%clk 0:38:30]} 24. Rc2 {[%clk 0:46:38]}  Rac8 {[%clk 0:38:25]} 25. Rdc1 {[%clk 0:48:53]}  Rxc2 {[%clk 0:37:45]} 26. Rxc2 {[%clk 0:49:17]}  Kf8 {[%clk 0:37:34]} 27. Kg2 {[%clk 0:46:51]}  Re8 {[%clk 0:36:02]} 28. Kf3 {[%clk 0:48:00]}  Ke7 {[%clk 0:33:50]} 29. Bf4 {[%clk 0:43:23]}  Kd7 {[%clk 0:25:49]} 30. Bxd6 {[%clk 0:36:54]}  Kxd6 {[%clk 0:13:19]} 31. Kf4 {[%clk 0:26:24]}  Re4+ {[%clk 0:32:04]} 32. Kxf5 {[%clk 0:26:48]}  Rxd4 {[%clk 0:32:29]} 33. f4 {[%clk 0:24:12]}  Rd1 {[%clk 0:32:43]} 34. a3 {[%clk 0:07:41]}  b5 {[%clk 0:25:46]} 35. g4 {[%clk 0:13:27]}  Rd4 {[%clk 0:08:41]} 36. h4 {[%clk 0:10:08]}  Re4 {[%clk 0:09:05]} 37. Rc8 {[%clk 0:07:39]}  Re6 {[%clk 0:06:46]} 38. b4 {[%clk 0:07:12]}  Kd7 {[%clk 0:06:01]} 39. Rc5 {[%clk 0:04:15]}  Rd6 {[%clk 0:05:56]} 40. Rxb5 {[%clk 0:04:13]}  d4 {[%clk 0:05:56]} 41. Rc5 {[%clk 0:04:13]}  d3 {[%clk 0:00:00]} 42. Rc1 {[%clk 0:00:00]}  d2 {[%clk 0:00:00]} 43. Rd1 {[%clk 0:00:00]}  Kc6 {[%clk 0:06:21]} 44. Ke5 {[%clk 0:05:02]}  Rd7 {[%clk 0:06:19]} 45. a4 {[%clk 0:05:02]}  Rd6 {[%clk 0:06:21]} 1/2-1/2

[Event "Masters Tournament (MTO)"]
[Site "Biel, CH"]
[Date "2025.07.23"]
[Round "9"]
[White "Zhang, Haoxuan"]
[Black "Vihaan Dumir"]
[Result "1-0"]
[Board "31"]
[WhiteFideId "8641552"]
[BlackFideId "25901010"]
[BlackTitle "CM"]
[WhiteElo "1979"]
[BlackElo "2143"]
[WhiteTeam "CHN"]
[BlackTeam "IND"]
[WhiteClock "0:07:06"]
[BlackClock "0:04:44"]
[Variant "Standard"]

1. e4 {[%clk 1:40:56]}  e6 {[%clk 1:40:59]} 2. d4 {[%clk 1:41:18]}  d5 {[%clk 1:41:24]} 3. e5 {[%clk 1:41:38]}  c5 {[%clk 1:41:50]} 4. c3 {[%clk 1:42:02]}  Nc6 {[%clk 1:42:15]} 5. Nf3 {[%clk 1:42:27]}  Qb6 {[%clk 1:41:04]} 6. a3 {[%clk 1:41:49]}  c4 {[%clk 1:41:32]} 7. Nbd2 {[%clk 1:40:57]}  Na5 {[%clk 1:41:59]} 8. h4 {[%clk 1:37:38]}  Bd7 {[%clk 1:42:20]} 9. h5 {[%clk 1:36:36]}  h6 {[%clk 1:42:03]} 10. g3 {[%clk 1:34:08]}  O-O-O {[%clk 1:43:12]} 11. Bh3 {[%clk 1:32:08]}  Kb8 {[%clk 1:42:56]} 12. O-O {[%clk 1:30:57]}  Ne7 {[%clk 1:36:27]} 13. Ne1 {[%clk 1:09:43]}  Nf5 {[%clk 1:17:42]} 14. Qf3 {[%clk 1:21:05]}  Be7 {[%clk 1:11:47]} 15. Ng2 {[%clk 1:07:30]}  Bg5 {[%clk 1:09:29]} 16. Nf4 {[%clk 1:03:26]}  Ne7 {[%clk 1:08:28]} 17. a4 {[%clk 1:00:10]}  Rdf8 {[%clk 1:05:44]} 18. b4 {[%clk 0:44:12]}  cxb3 {[%clk 1:04:43]} 19. Ba3 {[%clk 0:44:36]}  Nc4 {[%clk 0:57:30]} 20. Nxc4 {[%clk 0:44:21]}  dxc4 {[%clk 0:56:49]} 21. d5 {[%clk 0:41:22]}  Bxf4 {[%clk 0:53:49]} 22. a5 {[%clk 0:37:47]}  Qb5 {[%clk 0:46:38]} 23. Bxe7 {[%clk 0:37:37]}  Bxe5 {[%clk 0:46:30]} 24. Bxf8 {[%clk 0:37:10]}  Rxf8 {[%clk 0:44:59]} 25. Bxe6 {[%clk 0:25:51]}  Bxe6 {[%clk 0:38:28]} 26. dxe6 {[%clk 0:33:08]}  Qc6 {[%clk 0:34:20]} 27. Qxc6 {[%clk 0:32:19]}  bxc6 {[%clk 0:33:51]} 28. Ra4 {[%clk 0:32:22]}  fxe6 {[%clk 0:34:21]} 29. Rxc4 {[%clk 0:32:37]}  Kc7 {[%clk 0:34:25]} 30. Rb1 {[%clk 0:31:59]}  Rb8 {[%clk 0:34:24]} 31. f4 {[%clk 0:30:34]}  Bf6 {[%clk 0:23:43]} 32. Rb4 {[%clk 0:23:40]}  Rxb4 {[%clk 0:30:17]} 33. cxb4 {[%clk 0:24:06]}  b2 {[%clk 0:30:44]} 34. Kf2 {[%clk 0:23:29]}  Kb7 {[%clk 0:26:41]} 35. Ke2 {[%clk 0:23:47]}  Ka6 {[%clk 0:27:07]} 36. Kd2 {[%clk 0:22:29]}  Kb5 {[%clk 0:27:33]} 37. Kc2 {[%clk 0:22:54]}  Kxb4 {[%clk 0:27:39]} 38. Re1 {[%clk 0:23:18]}  Kxa5 {[%clk 0:26:31]} 39. Rxe6 {[%clk 0:23:42]}  Bd4 {[%clk 0:22:22]} 40. Rxc6 {[%clk 0:23:32]}  Kb4 {[%clk 0:22:34]} 41. g4 {[%clk 0:19:37]}  a5 {[%clk 0:11:49]} 42. g5 {[%clk 0:06:18]}  hxg5 {[%clk 0:10:49]} 43. fxg5 {[%clk 0:06:41]}  a4 {[%clk 0:05:51]} 44. h6 {[%clk 0:05:43]}  gxh6 {[%clk 0:06:17]} 45. gxh6 {[%clk 0:06:09]}  Ka3 {[%clk 0:05:45]} 46. Rc4 {[%clk 0:06:31]}  Bh8 {[%clk 0:04:45]} 47. h7 {[%clk 0:06:54]}  Bg7 {[%clk 0:04:27]} 48. Kb1 {[%clk 0:06:42]}  Kb3 {[%clk 0:04:44]} 49. Rc8 {[%clk 0:07:06]} 1-0

[Event "Masters Tournament (MTO)"]
[Site "Biel, CH"]
[Date "2025.07.23"]
[Round "9"]
[White "Hirzel, Cedric"]
[Black "Jelicic, Hugo"]
[Result "1/2-1/2"]
[Board "32"]
[WhiteFideId "1341910"]
[BlackFideId "1349040"]
[WhiteElo "2141"]
[BlackElo "1908"]
[WhiteTeam "SUI"]
[BlackTeam "SUI"]
[WhiteClock "0:34:59"]
[BlackClock "0:21:33"]
[Variant "Standard"]

1. Nf3 {[%clk 1:37:00]}  d5 {[%clk 1:40:59]} 2. e3 {[%clk 1:37:20]}  e6 {[%clk 1:41:12]} 3. c4 {[%clk 1:37:45]}  c6 {[%clk 1:41:37]} 4. Nc3 {[%clk 1:38:10]}  f5 {[%clk 1:41:03]} 5. cxd5 {[%clk 1:33:01]}  exd5 {[%clk 1:40:10]} 6. b3 {[%clk 1:33:23]}  Nf6 {[%clk 1:39:47]} 7. Bb2 {[%clk 1:33:45]}  Bd6 {[%clk 1:39:38]} 8. g3 {[%clk 1:33:06]}  O-O {[%clk 1:36:30]} 9. Bg2 {[%clk 1:33:19]}  Nbd7 {[%clk 1:28:10]} 10. O-O {[%clk 1:30:01]}  Ne5 {[%clk 1:30:47]} 11. Qc2 {[%clk 1:27:02]}  Nxf3+ {[%clk 1:30:09]} 12. Bxf3 {[%clk 1:19:25]}  b6 {[%clk 1:21:10]} 13. Ne2 {[%clk 1:14:33]}  Bd7 {[%clk 1:08:14]} 14. Nd4 {[%clk 1:12:45]}  Qc8 {[%clk 1:07:12]} 15. Rac1 {[%clk 1:12:28]}  c5 {[%clk 1:06:22]} 16. Ne2 {[%clk 1:04:35]}  Qb7 {[%clk 1:01:35]} 17. Bxf6 {[%clk 1:05:21]}  Rxf6 {[%clk 1:01:26]} 18. Nc3 {[%clk 1:04:19]}  Bc6 {[%clk 0:58:03]} 19. Qd3 {[%clk 1:03:52]}  Bf8 {[%clk 0:54:32]} 20. Bxd5+ {[%clk 0:56:23]}  Bxd5 {[%clk 0:54:53]} 21. Qxd5+ {[%clk 0:56:45]}  Qxd5 {[%clk 0:55:17]} 22. Nxd5 {[%clk 0:57:07]}  Rd6 {[%clk 0:55:33]} 23. Nc3 {[%clk 0:56:26]}  Rxd2 {[%clk 0:50:54]} 24. Rfd1 {[%clk 0:57:43]}  Rad8 {[%clk 0:51:13]} 25. Kf1 {[%clk 0:57:24]}  Kf7 {[%clk 0:48:23]} 26. Ke1 {[%clk 0:57:45]}  Rxd1+ {[%clk 0:47:50]} 27. Rxd1 {[%clk 0:58:07]}  Rxd1+ {[%clk 0:48:04]} 28. Kxd1 {[%clk 0:58:22]}  Bd6 {[%clk 0:47:10]} 29. Ke2 {[%clk 0:56:22]}  a6 {[%clk 0:44:39]} 30. a4 {[%clk 0:54:15]}  Ke6 {[%clk 0:42:06]} 31. f4 {[%clk 0:49:32]}  Be7 {[%clk 0:38:20]} 32. e4 {[%clk 0:40:44]}  fxe4 {[%clk 0:30:23]} 33. Nxe4 {[%clk 0:44:59]}  Kd5 {[%clk 0:29:16]} 34. Kd3 {[%clk 0:42:50]}  Bf6 {[%clk 0:23:04]} 35. g4 {[%clk 0:37:56]}  Bd4 {[%clk 0:22:07]} 36. Ng5 {[%clk 0:16:28]}  h6 {[%clk 0:19:05]} 37. Nf3 {[%clk 0:16:56]}  Ba1 {[%clk 0:13:50]} 38. g5 {[%clk 0:13:01]}  hxg5 {[%clk 0:17:41]} 39. fxg5 {[%clk 0:11:49]}  b5 {[%clk 0:13:21]} 40. axb5 {[%clk 0:12:58]}  axb5 {[%clk 0:13:46]} 41. h4 {[%clk 0:07:10]}  c4+ {[%clk 0:12:12]} 42. bxc4+ {[%clk 0:07:34]}  bxc4+ {[%clk 0:12:38]} 43. Kc2 {[%clk 0:07:09]}  g6 {[%clk 0:11:15]} 44. Nh2 {[%clk 0:08:09]}  Ke4 {[%clk 0:06:59]} 45. Ng4 {[%clk 0:04:36]}  Kf4 {[%clk 0:26:42]} 46. Nf6 {[%clk 0:38:18]}  Kf5 {[%clk 0:24:20]} 47. Nd5 {[%clk 0:36:49]}  Kg4 {[%clk 0:22:01]} 48. Ne3+ {[%clk 0:36:25]}  Kxh4 {[%clk 0:22:19]} 49. Nxc4 {[%clk 0:37:27]}  Kxg5 {[%clk 0:22:38]} 50. Kd3 {[%clk 0:37:51]}  Kf4 {[%clk 0:22:43]} 51. Ke2 {[%clk 0:37:39]}  Bd4 {[%clk 0:22:11]} 52. Kf1 {[%clk 0:37:22]}  Kg3 {[%clk 0:23:01]} 53. Nd6 {[%clk 0:37:17]}  Kf3 {[%clk 0:23:17]} 54. Nf7 {[%clk 0:37:03]}  Kg4 {[%clk 0:22:26]} 55. Kg2 {[%clk 0:37:25]}  Bg7 {[%clk 0:21:25]} 56. Nd6 {[%clk 0:35:35]}  Kf4 {[%clk 0:21:36]} 57. Nc4 {[%clk 0:35:36]}  g5 {[%clk 0:21:37]} 58. Nd2 {[%clk 0:35:46]}  g4 {[%clk 0:21:33]} 59. Nf1 {[%clk 0:34:59]} 1/2-1/2

[Event "Masters Tournament (MTO)"]
[Site "Biel, CH"]
[Date "2025.07.23"]
[Round "9"]
[White "Bai, Xue"]
[Black "Gao, Kai"]
[Result "1/2-1/2"]
[Board "33"]
[WhiteFideId "8608717"]
[BlackFideId "8607770"]
[WhiteElo "2124"]
[BlackElo "1906"]
[WhiteTeam "CHN"]
[BlackTeam "CHN"]
[WhiteClock "0:54:47"]
[BlackClock "0:37:30"]
[Variant "Standard"]

1. d4 {[%clk 1:40:57]}  d5 {[%clk 1:40:48]} 2. c4 {[%clk 1:41:21]}  e6 {[%clk 1:40:58]} 3. Nc3 {[%clk 1:41:43]}  Bb4 {[%clk 1:40:06]} 4. cxd5 {[%clk 1:35:45]}  exd5 {[%clk 1:39:47]} 5. Nf3 {[%clk 1:36:09]}  Nf6 {[%clk 1:37:15]} 6. Bg5 {[%clk 1:36:26]}  h6 {[%clk 1:32:45]} 7. Bxf6 {[%clk 1:31:50]}  Qxf6 {[%clk 1:30:12]} 8. Qb3 {[%clk 1:31:39]}  Qb6 {[%clk 1:25:11]} 9. a3 {[%clk 1:29:05]}  Ba5 {[%clk 1:23:13]} 10. Qc2 {[%clk 1:25:01]}  Bf5 {[%clk 1:20:28]} 11. Qa4+ {[%clk 1:14:18]}  Bd7 {[%clk 1:20:02]} 12. Qc2 {[%clk 1:14:39]}  Bxc3+ {[%clk 1:18:13]} 13. Qxc3 {[%clk 1:15:01]}  O-O {[%clk 1:17:27]} 14. e3 {[%clk 1:15:07]}  Rc8 {[%clk 1:12:24]} 15. Ne5 {[%clk 1:10:04]}  Bf5 {[%clk 1:09:22]} 16. Bd3 {[%clk 1:09:56]}  Bxd3 {[%clk 0:58:27]} 17. Qxd3 {[%clk 1:06:45]}  Nc6 {[%clk 0:50:59]} 18. Nxc6 {[%clk 0:59:57]}  Qxc6 {[%clk 0:51:12]} 19. O-O {[%clk 1:00:20]}  a5 {[%clk 0:50:21]} 20. Qc3 {[%clk 0:55:16]}  Qxc3 {[%clk 0:50:26]} 21. bxc3 {[%clk 0:55:40]}  b5 {[%clk 0:45:50]} 22. Rab1 {[%clk 0:55:23]}  c6 {[%clk 0:46:01]} 23. Rb2 {[%clk 0:55:42]}  a4 {[%clk 0:46:05]} 24. Re1 {[%clk 0:55:18]}  Re8 {[%clk 0:44:28]} 25. Kf1 {[%clk 0:55:30]}  Re6 {[%clk 0:44:00]} 26. Ke2 {[%clk 0:55:52]}  Kf8 {[%clk 0:42:11]} 27. Kd3 {[%clk 0:56:14]}  Ke7 {[%clk 0:41:17]} 28. Rbe2 {[%clk 0:55:56]}  f5 {[%clk 0:38:28]} 29. f3 {[%clk 0:56:02]}  Kd6 {[%clk 0:38:13]} 30. Rg1 {[%clk 0:55:45]}  Rf8 {[%clk 0:38:11]} 31. g3 {[%clk 0:54:47]}  Rh8 {[%clk 0:37:30]} 1/2-1/2

[Event "Masters Tournament (MTO)"]
[Site "Biel, CH"]
[Date "2025.07.23"]
[Round "9"]
[White "Tureshbayev, Anuar"]
[Black "Aryan Goyal"]
[Result "0-1"]
[Board "34"]
[WhiteFideId "651081709"]
[BlackFideId "366108825"]
[WhiteElo "2163"]
[BlackElo "1906"]
[WhiteTeam "IRL"]
[BlackTeam "IND"]
[WhiteClock "0:18:37"]
[BlackClock "0:12:36"]
[Variant "Standard"]

1. e4 {[%clk 1:40:49]}  c6 {[%clk 1:40:36]} 2. d4 {[%clk 1:40:52]}  d5 {[%clk 1:40:47]} 3. f3 {[%clk 1:39:49]}  dxe4 {[%clk 1:37:32]} 4. fxe4 {[%clk 1:40:13]}  e5 {[%clk 1:37:04]} 5. Nf3 {[%clk 1:40:40]}  exd4 {[%clk 1:36:34]} 6. Bc4 {[%clk 1:41:03]}  Nd7 {[%clk 1:28:22]} 7. e5 {[%clk 1:16:08]}  Nc5 {[%clk 1:17:08]} 8. Bg5 {[%clk 0:55:36]}  Be7 {[%clk 1:14:23]} 9. Bxe7 {[%clk 0:55:54]}  Qxe7 {[%clk 1:13:29]} 10. Qxd4 {[%clk 0:55:35]}  b5 {[%clk 1:01:04]} 11. Be2 {[%clk 0:41:08]}  Nh6 {[%clk 0:47:07]} 12. O-O {[%clk 0:41:16]}  O-O {[%clk 0:44:43]} 13. b4 {[%clk 0:37:47]}  Na6 {[%clk 0:40:20]} 14. c3 {[%clk 0:37:13]}  Nc7 {[%clk 0:39:31]} 15. a4 {[%clk 0:34:16]}  Bb7 {[%clk 0:37:42]} 16. Bd3 {[%clk 0:25:52]}  a6 {[%clk 0:34:20]} 17. Qe4 {[%clk 0:27:16]}  f5 {[%clk 0:31:57]} 18. Qe2 {[%clk 0:27:39]}  Nd5 {[%clk 0:31:56]} 19. Nd4 {[%clk 0:19:25]}  g6 {[%clk 0:29:38]} 20. Nb3 {[%clk 0:18:59]}  Rae8 {[%clk 0:28:31]} 21. Nc5 {[%clk 0:19:11]}  Ng4 {[%clk 0:26:41]} 22. e6 {[%clk 0:17:39]}  Qd6 {[%clk 0:26:01]} 23. g3 {[%clk 0:17:56]}  Bc8 {[%clk 0:26:13]} 24. Re1 {[%clk 0:15:42]}  Nxb4 {[%clk 0:23:25]} 25. cxb4 {[%clk 0:16:01]}  Qd4+ {[%clk 0:23:53]} 26. Kg2 {[%clk 0:16:27]}  Qxa1 {[%clk 0:23:52]} 27. h3 {[%clk 0:16:28]}  Nf6 {[%clk 0:23:29]} 28. Qd2 {[%clk 0:14:20]}  Qd4 {[%clk 0:23:14]} 29. Na3 {[%clk 0:12:56]}  Qd5+ {[%clk 0:22:45]} 30. Kh2 {[%clk 0:13:29]}  Ne4 {[%clk 0:21:22]} 31. Qg2 {[%clk 0:12:00]}  Nxc5 {[%clk 0:18:24]} 32. Qxd5 {[%clk 0:12:26]}  cxd5 {[%clk 0:18:51]} 33. bxc5 {[%clk 0:12:50]}  Rxe6 {[%clk 0:16:31]} 34. Rxe6 {[%clk 0:13:13]}  Bxe6 {[%clk 0:17:00]} 35. axb5 {[%clk 0:13:29]}  axb5 {[%clk 0:17:21]} 36. Bxb5 {[%clk 0:13:17]}  Ra8 {[%clk 0:17:07]} 37. Nc2 {[%clk 0:13:33]}  Ra2 {[%clk 0:17:18]} 38. Bd3 {[%clk 0:14:02]}  Bd7 {[%clk 0:16:36]} 39. Kg1 {[%clk 0:14:16]}  Ra5 {[%clk 0:16:35]} 40. Nd4 {[%clk 0:14:04]}  Rxc5 {[%clk 0:16:38]} 41. Kf2 {[%clk 0:14:31]}  Kf7 {[%clk 0:16:33]} 42. Nf3 {[%clk 0:14:58]}  Kf6 {[%clk 0:16:51]} 43. Ke3 {[%clk 0:15:21]}  Ra5 {[%clk 0:15:51]} 44. h4 {[%clk 0:15:16]}  Ra3 {[%clk 0:15:45]} 45. Nd4 {[%clk 0:15:11]}  h6 {[%clk 0:14:42]} 46. Nc2 {[%clk 0:15:35]}  Ra4 {[%clk 0:14:33]} 47. Nd4 {[%clk 0:15:47]}  g5 {[%clk 0:13:25]} 48. hxg5+ {[%clk 0:15:59]}  hxg5 {[%clk 0:13:16]} 49. Nb3 {[%clk 0:15:10]}  Ra3 {[%clk 0:13:52]} 50. Nd4 {[%clk 0:15:38]}  f4+ {[%clk 0:12:00]} 51. gxf4 {[%clk 0:16:02]}  gxf4+ {[%clk 0:12:17]} 52. Kd2 {[%clk 0:16:01]}  Bg4 {[%clk 0:11:04]} 53. Nb5 {[%clk 0:15:09]}  Ra2+ {[%clk 0:11:22]} 54. Ke1 {[%clk 0:15:08]}  Ke5 {[%clk 0:11:26]} 55. Bf1 {[%clk 0:15:30]}  d4 {[%clk 0:10:57]} 56. Bd3 {[%clk 0:15:46]}  Bd7 {[%clk 0:10:03]} 57. Nc7 {[%clk 0:15:54]}  Ra7 {[%clk 0:10:52]} 58. Nb5 {[%clk 0:16:17]}  Ra5 {[%clk 0:10:51]} 59. Nc7 {[%clk 0:16:43]}  Kd6 {[%clk 0:11:14]} 60. Na6 {[%clk 0:17:06]}  Bb5 {[%clk 0:11:18]} 61. Nb4 {[%clk 0:17:33]}  Bxd3 {[%clk 0:11:20]} 62. Nxd3 {[%clk 0:17:59]}  Rf5 {[%clk 0:11:45]} 63. Kf2 {[%clk 0:18:20]}  f3 {[%clk 0:11:26]} 64. Kg3 {[%clk 0:17:49]}  Kd5 {[%clk 0:11:35]} 65. Kf2 {[%clk 0:18:07]}  Kc4 {[%clk 0:11:54]} 66. Nb2+ {[%clk 0:18:10]}  Kc3 {[%clk 0:12:15]} 67. Nd1+ {[%clk 0:18:37]}  Kc2 {[%clk 0:12:36]} 0-1

[Event "Masters Tournament (MTO)"]
[Site "Biel, CH"]
[Date "2025.07.23"]
[Round "9"]
[White "Stefan, Iulia-Cristiana"]
[Black "Schnell, Simon"]
[Result "1/2-1/2"]
[Board "35"]
[WhiteFideId "1273876"]
[BlackFideId "1345311"]
[WhiteTitle "WCM"]
[WhiteElo "2017"]
[BlackElo "2144"]
[WhiteTeam "ROU"]
[BlackTeam "SUI"]
[WhiteClock "0:28:53"]
[BlackClock "0:43:37"]
[Variant "Standard"]

1. d4 {[%clk 1:40:57]}  d5 {[%clk 1:40:55]} 2. Nf3 {[%clk 1:41:22]}  e6 {[%clk 1:41:20]} 3. c4 {[%clk 1:41:49]}  c5 {[%clk 1:41:46]} 4. cxd5 {[%clk 1:42:02]}  exd5 {[%clk 1:42:10]} 5. Bg5 {[%clk 1:42:27]}  Be7 {[%clk 1:42:24]} 6. Bxe7 {[%clk 1:42:52]}  Qxe7 {[%clk 1:42:49]} 7. dxc5 {[%clk 1:42:56]}  Qxc5 {[%clk 1:43:10]} 8. Nc3 {[%clk 1:43:16]}  Nf6 {[%clk 1:43:34]} 9. e3 {[%clk 1:43:02]}  Nc6 {[%clk 1:44:00]} 10. Be2 {[%clk 1:41:03]}  Qb6 {[%clk 1:44:27]} 11. a3 {[%clk 1:37:32]}  O-O {[%clk 1:40:11]} 12. O-O {[%clk 1:37:17]}  Be6 {[%clk 1:38:31]} 13. Na4 {[%clk 1:36:18]}  Qd8 {[%clk 1:34:59]} 14. Rc1 {[%clk 1:27:55]}  Qe7 {[%clk 1:28:19]} 15. Nc5 {[%clk 1:26:33]}  Rac8 {[%clk 1:07:44]} 16. Nb3 {[%clk 1:07:20]}  Bg4 {[%clk 1:04:00]} 17. h3 {[%clk 1:07:17]}  Bxf3 {[%clk 1:01:59]} 18. Bxf3 {[%clk 1:07:41]}  Ne5 {[%clk 0:53:25]} 19. Qe2 {[%clk 1:05:02]}  Nxf3+ {[%clk 0:45:42]} 20. Qxf3 {[%clk 1:05:03]}  Rc7 {[%clk 0:43:16]} 21. Rxc7 {[%clk 0:40:55]}  Qxc7 {[%clk 0:43:01]} 22. Rc1 {[%clk 0:41:20]}  Qb6 {[%clk 0:42:22]} 23. Qd1 {[%clk 0:41:43]}  h6 {[%clk 0:39:46]} 24. Qd3 {[%clk 0:37:29]}  Rd8 {[%clk 0:35:50]} 25. Rc5 {[%clk 0:27:58]}  a6 {[%clk 0:30:37]} 26. Qc2 {[%clk 0:19:51]}  Ne4 {[%clk 0:27:02]} 27. Rc8 {[%clk 0:25:31]}  Nd6 {[%clk 0:26:12]} 28. Rxd8+ {[%clk 0:24:23]}  Qxd8 {[%clk 0:26:39]} 29. Qc3 {[%clk 0:10:19]}  Qb6 {[%clk 0:23:22]} 30. Nd2 {[%clk 0:09:36]}  g6 {[%clk 0:22:19]} 31. b3 {[%clk 0:06:57]}  Kh7 {[%clk 0:20:45]} 32. a4 {[%clk 0:08:15]}  Ne4 {[%clk 0:18:45]} 33. Nxe4 {[%clk 0:07:58]}  dxe4 {[%clk 0:19:14]} 34. Qc4 {[%clk 0:07:15]}  Kg7 {[%clk 0:18:01]} 35. g3 {[%clk 0:01:49]}  Qc6 {[%clk 0:15:53]} 36. Qd4+ {[%clk 0:00:12]}  Kh7 {[%clk 0:15:44]} 37. Kg2 {[%clk 0:01:08]}  Qe6 {[%clk 0:15:33]} 38. Qc3 {[%clk 0:01:13]}  Qf5 {[%clk 0:15:41]} 39. Qc2 {[%clk 0:01:12]}  h5 {[%clk 0:15:25]} 40. h4 {[%clk 0:01:18]}  Qf3+ {[%clk 0:14:11]} 41. Kg1 {[%clk 0:00:20]}  Qf5 {[%clk 0:13:17]} 42. Kg2 {[%clk 0:28:50]}  Qf3+ {[%clk 0:43:41]} 43. Kg1 {[%clk 0:28:53]}  Qf5 {[%clk 0:43:37]} 1/2-1/2

[Event "Masters Tournament (MTO)"]
[Site "Biel, CH"]
[Date "2025.07.23"]
[Round "9"]
[White "Hottinger, Simon"]
[Black "Panda, Barnabas"]
[Result "0-1"]
[Board "36"]
[WhiteFideId "1350552"]
[BlackFideId "799556"]
[WhiteElo "1913"]
[BlackElo "2123"]
[WhiteTeam "SUI"]
[BlackTeam "HUN"]
[WhiteClock "0:00:48"]
[BlackClock "0:01:45"]
[Variant "Standard"]

1. e4 {[%clk 1:40:57]}  e6 {[%clk 1:40:48]} 2. d4 {[%clk 1:41:21]}  d5 {[%clk 1:41:12]} 3. Nc3 {[%clk 1:41:46]}  Nf6 {[%clk 1:41:34]} 4. e5 {[%clk 1:42:10]}  Nfd7 {[%clk 1:41:56]} 5. f4 {[%clk 1:42:34]}  c5 {[%clk 1:42:19]} 6. Nf3 {[%clk 1:42:59]}  Nc6 {[%clk 1:42:41]} 7. Be3 {[%clk 1:43:24]}  cxd4 {[%clk 1:43:04]} 8. Nxd4 {[%clk 1:43:44]}  Qb6 {[%clk 1:43:27]} 9. a3 {[%clk 1:22:10]}  a6 {[%clk 1:08:56]} 10. Be2 {[%clk 1:06:32]}  Qc7 {[%clk 1:12:35]} 11. Qd2 {[%clk 1:03:31]}  Be7 {[%clk 1:00:29]} 12. O-O {[%clk 1:01:53]}  O-O {[%clk 0:31:32]} 13. Bf3 {[%clk 0:35:39]}  Nxd4 {[%clk 0:37:49]} 14. Bxd4 {[%clk 0:35:57]}  f6 {[%clk 0:28:18]} 15. exf6 {[%clk 0:22:33]}  Bxf6 {[%clk 0:37:17]} 16. Rae1 {[%clk 0:20:33]}  Bxd4+ {[%clk 0:31:17]} 17. Qxd4 {[%clk 0:18:34]}  Nf6 {[%clk 0:23:23]} 18. g3 {[%clk 0:07:11]}  Kh8 {[%clk 0:22:23]} 19. Re2 {[%clk 0:03:32]}  Bd7 {[%clk 0:21:51]} 20. Rfe1 {[%clk 0:00:10]}  Rac8 {[%clk 0:19:06]} 21. Bg2 {[%clk 0:05:09]}  Qd6 {[%clk 0:13:36]} 22. Bh3 {[%clk 0:05:16]}  Rc4 {[%clk 0:13:55]} 23. Qd3 {[%clk 0:04:42]}  Qb6+ {[%clk 0:13:02]} 24. Kh1 {[%clk 0:04:29]}  Qxb2 {[%clk 0:13:06]} 25. Nd1 {[%clk 0:04:57]}  Qb6 {[%clk 0:10:16]} 26. Bxe6 {[%clk 0:03:11]}  Bb5 {[%clk 0:10:07]} 27. Qb3 {[%clk 0:00:43]}  Qc6 {[%clk 0:08:52]} 28. Bf5 {[%clk 0:02:03]}  Ne4 {[%clk 0:05:14]} 29. Bxe4 {[%clk 0:01:57]}  dxe4 {[%clk 0:03:54]} 30. c3 {[%clk 0:01:23]}  Rd8 {[%clk 0:03:46]} 31. Re3 {[%clk 0:01:07]}  Ba4 {[%clk 0:00:51]} 32. Qb1 {[%clk 0:01:36]}  Bxd1 {[%clk 0:00:35]} 33. Rxd1 {[%clk 0:02:05]}  Re8 {[%clk 0:00:32]} 34. Qc2 {[%clk 0:01:10]}  Qc5 {[%clk 0:00:39]} 35. Rde1 {[%clk 0:00:50]}  Qd5 {[%clk 0:00:37]} 36. Qd1 {[%clk 0:01:05]}  Qc6 {[%clk 0:00:51]} 37. Qh5 {[%clk 0:01:03]}  g6 {[%clk 0:00:49]} 38. Qa5 {[%clk 0:00:04]}  Ra4 {[%clk 0:00:52]} 39. Qg5 {[%clk 0:00:32]}  Rxa3 {[%clk 0:01:12]} 40. Rd1 {[%clk 0:00:32]}  Ra2 {[%clk 0:00:32]} 41. Rd8 {[%clk 0:28:55]}  Rxd8 {[%clk 0:21:54]} 42. Qxd8+ {[%clk 0:29:17]}  Kg7 {[%clk 0:20:31]} 43. Qe7+ {[%clk 0:27:12]}  Kg8 {[%clk 0:22:27]} 44. Qxe4 {[%clk 0:25:48]}  Qxe4+ {[%clk 0:16:18]} 45. Rxe4 {[%clk 0:27:12]}  Kf7 {[%clk 0:16:24]} 46. Re5 {[%clk 0:22:18]}  b5 {[%clk 0:14:17]} 47. Rc5 {[%clk 0:21:50]}  Ke6 {[%clk 0:13:47]} 48. g4 {[%clk 0:21:23]}  Kd6 {[%clk 0:13:17]} 49. Rc8 {[%clk 0:17:15]}  a5 {[%clk 0:09:24]} 50. f5 {[%clk 0:16:53]}  gxf5 {[%clk 0:09:17]} 51. gxf5 {[%clk 0:15:28]}  a4 {[%clk 0:09:26]} 52. Kg1 {[%clk 0:13:41]}  Rb2 {[%clk 0:06:54]} 53. Ra8 {[%clk 0:12:45]}  Rc2 {[%clk 0:03:01]} 54. Ra6+ {[%clk 0:10:42]}  Kc5 {[%clk 0:01:31]} 55. f6 {[%clk 0:06:44]}  Rxc3 {[%clk 0:01:57]} 56. Kf2 {[%clk 0:06:17]}  Kb4 {[%clk 0:01:59]} 57. f7 {[%clk 0:04:21]}  Rc8 {[%clk 0:01:34]} 58. Rf6 {[%clk 0:04:16]}  Rf8 {[%clk 0:02:49]} 59. Ke1 {[%clk 0:01:50]}  a3 {[%clk 0:03:05]} 60. Rf2 {[%clk 0:02:01]}  Kb3 {[%clk 0:03:08]} 61. Rf3+ {[%clk 0:00:53]}  Kb2 {[%clk 0:01:49]} 62. Rf4 {[%clk 0:00:48]}  a2 {[%clk 0:01:45]} 0-1